Chemical oceanography and marine carbon cycle

Uloženo v:
Podrobná bibliografie
Hlavní autor: Emerson, Steven
Další autoři: Hedges, John
Médium: Neznámo
Jazyk:angličtina
Vydáno: New York, USA. Cambridge University Press 2008
Témata:
Tagy: Přidat tag
Žádné tagy, Buďte první, kdo vytvoří štítek k tomuto záznamu!

MARC

LEADER 00000 a2200000 4500
003 CL-VaPUC
005 20201105115224.0
008 201105b ||||| |||| 00| 0 eng d
999 |c 431672  |d 431670 
020 |a 9780521833134 
040 |c Pontificia Universidad Católica de Valparaíso 
082 |a 551.466 EME 2020 
100 |a Emerson, Steven   |9 856439 
245 |a Chemical oceanography and marine carbon cycle 
260 |a New York, USA.   |b Cambridge University Press  |c 2008 
300 |a 453 páginas  
583 |k Cristina Rojas  |c 20201105 
650 |a Ciclo del carbono (Biogeoquìmica)  |9 857936 
650 |a  Oceanografía química  |9 857937 
700 |a Hedges, John   |9 857938 
852 |a BIBCUR 
942 |2 ddc  |c BK 
952 |0 0  |1 0  |2 ddc  |4 0  |6 554_466000000000000_EME_2020  |7 0  |8 A  |9 576822  |a BIBCUR  |b BIBCUR  |d 2020-11-05  |e 1  |g 111899.00  |i 5576806  |o 554.466 EME 2020  |p 5576806  |r 2025-04-22  |t 2  |v 111899.00  |w 2020-11-05  |y BK  |k CIM 
952 |0 0  |1 0  |2 ddc  |4 0  |6 554_466000000000000_EME_2020  |7 0  |8 A  |9 576823  |a BIBCUR  |b BIBCUR  |d 2020-11-05  |e 1  |g 111899.00  |i 5576792  |o 554.466 EME 2020  |p 5576792  |r 2025-04-22  |t 1  |v 111899.00  |w 2020-11-05  |y BK  |k CIM